000 00959nam a2200265Ia 4500
003 OSt
005 20221005103236.0
006 a|||||r|||| 00| 0
007 ta
008 221004b |||||||| |||| 00| 0 hin d
020 _a9788192853437 (hbk)
_c800
024 _a17377
037 _b146, 28/10/2014, Eastern Book Linkers
_cTextual
040 _aCRL
_cCRL
_bhin
041 _2hin
_ahin
082 _aR65,6:g, 152Q4
100 _aझा, चन्द्र कुमार
245 0 _aश्रीमद्भगवद्गीता
246 _aShrīmadbhagavadgītā
260 _aकुरूक्षेत्र
_bनिर्मल बुक एजेन्सी भारत
_c2014
300 _a243पृ0
_ccm.
650 _aभारतीय दर्शन
942 _hR65,6:g, 152Q4
_cTEXL
_2cc
999 _c1009664
_d1009664